| 000 | 00798nam a22002177a 4500 | ||
|---|---|---|---|
| 008 | 230911b ag a||||||||| 00| 0 spa d | ||
| 020 | _a9789872908003 (versión impresa) | ||
| 040 |
_aAR-FvUNAJ _dAR-FvUNAJ |
||
| 082 | 1 | 4 |
_214 _a304.8 |
| 110 | 2 |
_94900 _aCentro de Estudios Legales y Sociales. |
|
| 245 | 1 | 0 |
_aMigrantes = _bMigration / _cCentro de Estudios Legales y Sociales. |
| 260 |
_aBuenos Aires : _bCELS, _c2013. |
||
| 300 |
_a83 p. : _bil. |
||
| 500 | _aTraducción: Paula Arturo | ||
| 505 | 2 | _a1. La inmigración en Argentina -- 2. Nueva ley de migraciones -- 3. El CELS y la problemática inmigratoria. | |
| 650 | 1 | 7 |
_94072 _aMIGRACION _2unescot |
| 650 | 1 | 7 |
_91105 _aDERECHOS HUMANOS _2unescot |
| 651 | 0 |
_9326 _aARGENTINA |
|
| 942 |
_2ddc _cLIBRO |
||
| 980 |
_621568 _a Nuñez _82 _gVirginia Figueroa |
||
| 999 |
_c9102 _d9102 |
||